000
00321nam a2200145Ia 4500
100
_a
Bahri
650
_a
General
942
_c
BK
654
_a
National Budget. 1987-88
245
_a
National Budget. 1987-88
260
_b
Bahari Bros.
_a
New Delhi
_c
1987
082
_a
351.7
300
_a
120
546
_a
ENGLISH
999
_c
32140
_d
32140